[Event "Crawley e2e4 Gatwick op 11"]
[Site "Crawley"]
[Date "2013.11.01"]
[Round "1"]
[White "Jones, William EG"]
[Black "Oliver, Martin"]
[Result "1/2-1/2"]
[WhiteElo "2127"]
[BlackElo "1865"]
[PlyCount "39"]
[EventDate "2013.11.01"]
[EventType "swiss"]
[EventRounds "5"]
[EventCountry "ENG"]
[SourceTitle "EXT 2014"]
[Source "ChessBase"]
[SourceDate "2013.11.20"]
[SourceVersion "1"]
[SourceVersionDate "2013.11.20"]
[SourceQuality "1"]

1. e4 c6 2. d4 d5 3. e5 Bf5 4. Nd2 e6 5. Nb3 Nd7 6. Nf3 Ne7 7. Be2 Bg6 8. 0-0 Nf5 9. a4 a5 10. Bd2 Be7 11. Qe1 b6 12. c4 0-0 13. Rc1 dxc4 14. Bxc4 Bh5 15. Qe4 Bxf3 16. Qxf3 c5 17. dxc5 Nxc5 18. Nxc5 Bxc5 19. Bc3 Qg5 20. Rcd1 1/2-1/2

[Event "British-ch 5-day op AM Week 1"]
[Site "Torquay"]
[Date "2013.07.30"]
[Round "2"]
[White "Blair, Jimmy"]
[Black "Oliver, Martin"]
[Result "0-1"]
[WhiteElo "1500"]
[BlackElo "1842"]
[PlyCount "92"]
[EventDate "2013.07.29"]
[EventType "swiss"]
[EventRounds "5"]
[EventCountry "ENG"]
[SourceTitle "EXT 2023"]
[Source "ChessBase"]
[SourceDate "2022.10.05"]
[SourceVersion "1"]
[SourceVersionDate "2022.10.05"]
[SourceQuality "1"]

1. e4 c6 2. Nc3 d5 3. exd5 cxd5 4. Bb5+ Nc6 5. d4 Nf6 6. Nf3 Bg4 7. h3 Bh5 8. 0-0 e6 9. Qd3 a6 10. Bxc6+ bxc6 11. a3 c5 12. dxc5 Bxc5 13. Ne5 0-0 14. Qg3 Rc8 15. Bh6 Bg6 16. Nxg6 hxg6 17. Bg5 Bd4 18. Rad1 Bxc3 19. bxc3 Qa5 20. Bxf6 gxf6 21. Rd4 Rxc3 22. Qh4 Kg7 23. Ra4 Qb6 24. Rb4 Qc6 25. Rfb1 Rxc2 26. Qf4 Qc7 27. Qxc7 Rxc7 28. a4 Rfc8 29. a5 Rc1+ 30. Kh2 Rxb1 31. Rxb1 Rc5 32. Ra1 e5 33. f3 f5 34. Kg1 Kf6 35. Kf1 e4 36. fxe4 fxe4 37. Ke1 Ke5 38. Kd2 f5 39. g3 d4 40. h4 e3+ 41. Ke2 Ke4 42. Ra4 Rc2+ 43. Kd1 Rd2+ 44. Ke1 Kf3 45. Rc4 Ra2 46. Rc6 Ra1+ 0-1

[Event "BCF-ch Major op"]
[Site "Torquay"]
[Date "2013.07.30"]
[Round "2.66"]
[White "Jones, Chris"]
[Black "Oliver, Martin"]
[Result "1/2-1/2"]
[WhiteElo "2066"]
[BlackElo "1842"]
[PlyCount "99"]
[EventDate "2013.07.29"]
[EventType "swiss"]
[EventRounds "11"]
[EventCountry "ENG"]
[SourceTitle "EXT 2023"]
[Source "ChessBase"]
[SourceDate "2022.10.05"]
[SourceVersion "1"]
[SourceVersionDate "2022.10.05"]
[SourceQuality "1"]

1. e4 c6 2. d4 d5 3. e5 Bf5 4. Nf3 e6 5. Be2 c5 6. Be3 cxd4 7. Nxd4 Ne7 8. Bg5 Qa5+ 9. Nc3 Bg6 10. 0-0 Nbc6 11. Bb5 Rc8 12. Re1 a6 13. Nb3 Qc7 14. Bf4 Nf5 15. Bd3 Be7 16. a3 0-0 17. Qd2 Na5 18. Nxd5 Nxb3 19. Nxe7+ Nxe7 20. cxb3 Rfd8 21. Rac1 Qb8 22. Rxc8 Qxc8 23. Rc1 Qb8 24. Rc3 Nd5 25. Bxg6 Nxc3 26. Bxh7+ Kxh7 27. Qc2+ Kg8 28. bxc3 Qc7 29. h3 Qa5 30. b4 Qxa3 31. Bc1 Qa1 32. Kh2 Rc8 33. Bd2 Qf1 34. Kg3 Qb5 35. Qe4 Rd8 36. Be3 Rd7 37. Bd4 Rd8 38. f4 Qd7 39. Qe2 Rc8 40. Kh2 Rb8 41. Qg4 b6 42. Qg3 Rb7 43. Qe3 Qc6 44. g4 a5 45. bxa5 bxa5 46. Qd2 Qf3 47. Bb6 Rxb6 48. Qd8+ Kh7 49. Qh4+ Kg8 50. Qd8+ 1/2-1/2

[Event "BCF-ch Major op"]
[Site "Torquay"]
[Date "2013.07.29"]
[Round "1.65"]
[White "Oliver, Martin"]
[Black "Duncan, Patrick"]
[Result "1/2-1/2"]
[WhiteElo "1842"]
[BlackElo "2048"]
[PlyCount "51"]
[EventDate "2013.07.29"]
[EventType "swiss"]
[EventRounds "11"]
[EventCountry "ENG"]
[SourceTitle "EXT 2023"]
[Source "ChessBase"]
[SourceDate "2022.10.05"]
[SourceVersion "1"]
[SourceVersionDate "2022.10.05"]
[SourceQuality "1"]

1. d4 Nf6 2. c4 e6 3. g3 Bb4+ 4. Bd2 Qe7 5. Nf3 Nc6 6. Nc3 Bxc3 7. Bxc3 Ne4 8. Rc1 d6 9. d5 Nxc3 10. Rxc3 Nb8 11. Bg2 e5 12. c5 0-0 13. cxd6 cxd6 14. Qc1 Na6 15. Nd2 Bd7 16. 0-0 Rac8 17. Nc4 Nb4 18. Qb1 Rc5 19. Ne3 Rfc8 20. Rfc1 Na6 21. Rxc5 Rxc5 22. Rxc5 Nxc5 23. b4 Na4 24. Qc2 Qd8 25. a3 Nb6 26. Nf1 1/2-1/2

[Event "EU-ch U16"]
[Site "Prague"]
[Date "2012.08.24"]
[Round "8"]
[White "Oliver, Martin"]
[Black "Medar, Marti"]
[Result "0-1"]
[WhiteElo "1838"]
[BlackElo "2000"]
[PlyCount "80"]
[EventDate "2012.08.17"]
[EventType "swiss"]
[EventRounds "9"]
[EventCountry "CZE"]
[SourceTitle "CBM 150 Extra"]
[Source "ChessBase"]
[SourceDate "2012.10.19"]
[SourceVersion "1"]
[SourceVersionDate "2012.10.19"]
[SourceQuality "1"]

1. d4 Nf6 2. c4 e6 3. g3 d5 4. Nf3 b6 5. Bg2 Bb7 6. Ne5 Be7 7. 0-0 0-0 8. Nc3 Ne4 9. cxd5 exd5 10. f3 Nxc3 11. bxc3 c5 12. Qa4 Qc7 13. Bf4 Bd6 14. Nd3 c4 15. Bxd6 Qxd6 16. Nf4 g5 17. Nh3 Qe7 18. Qc2 Qe3+ 19. Kh1 f5 20. Rae1 Nd7 21. Nf2 Rae8 22. Bh3 Qe6 23. Kg1 b5 24. e4 dxe4 25. fxe4 g4 26. Bg2 f4 27. gxf4 Rxf4 28. Re3 Ref8 29. Qe2 Nf6 30. d5 Qe5 31. Nh1 Rxf1+ 32. Bxf1 Re8 33. Nf2 h5 34. Qb2 Nxd5 35. Re1 Nxc3 36. Bxc4+ bxc4 37. Qxb7 g3 38. hxg3 Qxg3+ 39. Kf1 Rf8 40. Qxa7 Qh2 0-1

[Event "EU-ch U16"]
[Site "Prague"]
[Date "2012.08.21"]
[Round "5"]
[White "Melichar, Vojtech"]
[Black "Oliver, Martin"]
[Result "1/2-1/2"]
[WhiteElo "1737"]
[BlackElo "1838"]
[PlyCount "101"]
[EventDate "2012.08.17"]
[EventType "swiss"]
[EventRounds "9"]
[EventCountry "CZE"]
[SourceTitle "CBM 150 Extra"]
[Source "ChessBase"]
[SourceDate "2012.10.19"]
[SourceVersion "1"]
[SourceVersionDate "2012.10.19"]
[SourceQuality "1"]

1. e4 c6 2. d4 d5 3. exd5 cxd5 4. c4 Nf6 5. Nc3 Nc6 6. Nf3 Bg4 7. cxd5 Nxd5 8. Qb3 Bxf3 9. gxf3 e6 10. Qxb7 Nxd4 11. Bb5+ Nxb5 12. Qc6+ Ke7 13. Qxb5 Qd7 14. Nxd5+ Qxd5 15. Qxd5 exd5 16. Be3 Ke6 17. 0-0-0 Bb4 18. a3 Rhc8+ 19. Kb1 Bc5 20. Rhe1 Bxe3 21. fxe3 Rc4 22. Rd4 Rac8 23. Red1 Rxd4 24. Rxd4 Rc4 25. Rxc4 dxc4 26. Kc2 Kd5 27. b4 cxb3+ 28. Kxb3 g5 29. Kc3 f5 30. Kd3 g4 31. e4+ fxe4+ 32. fxe4+ Ke5 33. Ke3 h5 34. Kf2 Kxe4 35. Kg3 Kf5 36. Kh4 Kg6 37. h3 Kf5 38. hxg4+ hxg4 39. Kg3 a5 40. a4 Kg5 41. Kg2 Kf4 42. Kf2 Ke4 43. Kg3 Kd4 44. Kxg4 Kc4 45. Kf3 Kb3 46. Ke3 Kxa4 47. Kd2 Kb3 48. Kc1 Ka2 49. Kc2 a4 50. Kc3 a3 51. Kc2 1/2-1/2

[Event "BCF-ch Weekend Atkins"]
[Site "North Shields"]
[Date "2012.07.29"]
[Round "4.30"]
[White "Stewardson, David"]
[Black "Oliver, Martin"]
[Result "0-1"]
[WhiteElo "1632"]
[BlackElo "1838"]
[PlyCount "90"]
[EventDate "2012.07.27"]
[EventType "swiss"]
[EventRounds "5"]
[EventCountry "ENG"]
[SourceTitle "EXT 2023"]
[Source "ChessBase"]
[SourceDate "2022.10.05"]
[SourceVersion "1"]
[SourceVersionDate "2022.10.05"]
[SourceQuality "1"]

1. d4 Nf6 2. c4 g6 3. Nc3 Bg7 4. e4 d6 5. f3 0-0 6. Be3 c5 7. dxc5 dxc5 8. Qxd8 Rxd8 9. Bxc5 Nc6 10. Rd1 Nd7 11. Be3 Nb4 12. Rd2 b6 13. Nd5 Nxd5 14. cxd5 Ne5 15. h3 f5 16. f4 Nf7 17. e5 Bb7 18. Bc4 Rac8 19. Rd4 Nxe5 20. fxe5 Bxe5 21. d6+ Kg7 22. d7 Rxc4 23. Rxc4 Bxg2 24. Nf3 Bxf3 25. Rg1 Rxd7 26. Kf2 Bd5 27. Ra4 Bxb2 28. Rb1 Bc3 29. Bd4+ Bxd4+ 30. Rxd4 e6 31. Rc1 Kf6 32. Ke3 g5 33. Rc8 f4+ 34. Kf2 Rg7 35. Rd2 h5 36. Rh8 g4 37. Rxh5 g3+ 38. Kg1 f3 39. Rhxd5 exd5 40. Rxd5 Rf7 41. Kf1 Kg6 42. h4 Kh6 43. Re5 Rc7 44. Re1 Rc2 45. Ra1 Kh5 0-1

[Event "BCF-ch U16"]
[Site "North Shields"]
[Date "2012.07.28"]
[Round "7.8"]
[White "Oliver, Martin"]
[Black "Head, Louise"]
[Result "1-0"]
[WhiteElo "1838"]
[BlackElo "1745"]
[PlyCount "101"]
[EventDate "2012.07.23"]
[EventType "swiss"]
[EventRounds "7"]
[EventCountry "ENG"]
[SourceTitle "EXT 2023"]
[Source "ChessBase"]
[SourceDate "2022.10.05"]
[SourceVersion "1"]
[SourceVersionDate "2022.10.05"]
[SourceQuality "1"]

1. d4 f5 2. Nf3 Nf6 3. g3 e6 4. Bg2 Be7 5. c4 0-0 6. 0-0 d6 7. Nc3 Qe8 8. b3 Qh5 9. Ba3 Rf7 10. Qc2 g5 11. Rad1 Rg7 12. Bc1 g4 13. Ne1 Nc6 14. a3 Nd8 15. e4 Nf7 16. exf5 exf5 17. Nd3 Ng5 18. Bxg5 Qxg5 19. Qd2 Qg6 20. Nf4 Qe8 21. Nb5 Qd8 22. d5 Ne8 23. Qe3 Bg5 24. Rfe1 Bd7 25. Nd4 Re7 26. Nde6 Qc8 27. Qd4 Bxf4 28. Qxf4 Ng7 29. Qg5 Qe8 30. Re3 Kh8 31. Nxc7 Rxe3 32. Nxe8 Rexe8 33. Qf6 Rad8 34. Qxd6 Bc8 35. Qf6 b6 36. Bf1 Kg8 37. Bd3 Rd7 38. Kf1 Red8 39. Re1 Rd6 40. Qg5 h6 41. Qf4 Kf8 42. Qe5 a5 43. Qe7+ Kg8 44. Qc7 Kf8 45. Re7 Ne8 46. Rf7+ Kg8 47. Qe7 Nf6 48. Rxf6 R6d7 49. Rg6+ Kh8 50. Qf6+ Rg7 51. Qxg7# 1-0

[Event "BCF-ch U16"]
[Site "North Shields"]
[Date "2012.07.27"]
[Round "6.9"]
[White "Hackner, Oskar A"]
[Black "Oliver, Martin"]
[Result "1-0"]
[WhiteElo "2017"]
[BlackElo "1838"]
[PlyCount "49"]
[EventDate "2012.07.23"]
[EventType "swiss"]
[EventRounds "7"]
[EventCountry "ENG"]
[SourceTitle "EXT 2023"]
[Source "ChessBase"]
[SourceDate "2022.10.05"]
[SourceVersion "1"]
[SourceVersionDate "2022.10.05"]
[SourceQuality "1"]

1. d4 Nf6 2. c4 g6 3. Nc3 Bg7 4. e4 d6 5. Bd3 0-0 6. Nge2 Nc6 7. f3 Nh5 8. g4 Nf6 9. h4 h5 10. gxh5 Nxh5 11. d5 Ne5 12. Nf4 e6 13. Nxh5 gxh5 14. Be2 c6 15. f4 Ng6 16. Bxh5 exd5 17. f5 Bxc3+ 18. bxc3 Ne5 19. Bh6 dxe4 20. Bxf7+ Nxf7 21. Rg1+ Ng5 22. Rxg5+ Kf7 23. Qh5+ Kf6 24. Rg6+ Kf7 25. Re6+ 1-0

[Event "BCF-chT2 1011 (4NCL)"]
[Site "England"]
[Date "2011.04.30"]
[Round "9.38"]
[White "Merry, Alan B"]
[Black "Oliver, Martin"]
[Result "1-0"]
[WhiteElo "1979"]
[BlackElo "1874"]
[PlyCount "65"]
[EventDate "2010.11.06"]
[EventType "team-swiss"]
[EventRounds "11"]
[EventCountry "ENG"]
[SourceTitle "EXT 2012"]
[Source "ChessBase"]
[SourceDate "2011.11.24"]
[SourceVersion "1"]
[SourceVersionDate "2011.11.24"]
[SourceQuality "1"]
[WhiteTeam "Anglian Avengers"]
[BlackTeam "Bristol"]
[WhiteTeamCountry "ENG"]
[BlackTeamCountry "ENG"]

1. b3 e5 2. Bb2 d6 3. e3 Nf6 4. Ne2 Be7 5. f4 Nc6 6. Nbc3 0-0 7. fxe5 Nxe5 8. Nf4 c6 9. Qe2 Re8 10. h3 b5 11. d3 Nfg4 12. 0-0-0 Nh6 13. g4 a5 14. Bg2 Ra6 15. a4 bxa4 16. Nxa4 Nd7 17. Bf3 Bb7 18. Qg2 Nc5 19. Nxc5 dxc5 20. Be4 a4 21. g5 Bxg5 22. Rhg1 Bf6 23. Bxf6 Qxf6 24. Nh5 Qc3 25. Qxg7+ Qxg7 26. Rxg7+ Kf8 27. Rxh7 Ng8 28. Rf1 Re7 29. Bg6 a3 30. Rfxf7+ Rxf7 31. Rxf7+ Ke8 32. Rxb7+ Kf8 33. Rf7+ 1-0